000 00761nam a2200181 a 4500
001 000027940
005 20240305130541.0
008 110405s2007 dr 000 0 spa d
020 _a9789945161076
040 _aDO-SdBNP
_bspa
_cBNPHU
100 1 _aTavares K., Juan Tomás,
_d1953-
_948925
245 1 0 _aSobre el bien y el mal de la República :
_bescritos de Ulises Francisco Espillat /
_cJuan Tomás Tavares Kelner.
260 _aSanto Domingo :
_bComisión Permanente de Efemérides Patrias,
_c2007.
_fEditora Búho
300 _a30 p. ;
_c22 cm.
490 1 _aPublicaciones de la Comisión Permanente de Efemérides Patrias 2004-2007
_vno. 20
830 0 _aPublicaciones de la Comisión Permanente de Efemérides Patrias 2004-2007
_n20
_955003
049 _aBNPD
999 _c27432
_d27432